000 00382nam a2200133Ia 4500
008 151001s9999||||xx |||||||||||||| ||und||
100 _aभीमराव कुलकर्णी
245 _aखेकडे आणि खेकडी
250 _a1
260 _bसुरेश एजन्सी पुणे
260 _c1987
300 _a150
365 _b21
999 _c973047
_d973044